000
00219 a2200097 4500
001
42169
100
_a
Lothian A C
245
_a
A Handbook for Travelers in India
260
_a
_b
John Murray
_c
090
_c
26158
_d
26158
942
_a
NUST-CAE
_c
M
_c
17956
999
_c
277242
_d
277242